Cost accounting : (Record no. 180597)

MARC details
000 -LEADER
fixed length control field 00801nam a2200241Ia 4500
005 - DATE AND TIME OF LATEST TRANSACTION
control field 20221206151616.0
008 - FIXED-LENGTH DATA ELEMENTS--GENERAL INFORMATION
fixed length control field 210716s2013 xx 000 0 und d
020 ## - INTERNATIONAL STANDARD BOOK NUMBER
International Standard Book Number 9788131764350
040 ## - CATALOGING SOURCE
Transcribing agency AIMIT LIBRARY
041 ## - LANGUAGE CODE
Language code of text/sound track or separate title eng
082 ## - DEWEY DECIMAL CLASSIFICATION NUMBER
Classification number 657.42
Edition number 14
Item number HORC
100 ## - MAIN ENTRY--PERSONAL NAME
Personal name Horngren, Charles T.
9 (RLIN) 64833
245 ## - TITLE STATEMENT
Title Cost accounting :
Remainder of title managerial emphasis /
Statement of responsibility, etc. By Charles T Horngren, Srikant M Datar and Madhav V Rajan.
250 ## - EDITION STATEMENT
Edition statement 14th ed.
260 ## - PUBLICATION, DISTRIBUTION, ETC.
Place of publication, distribution, etc. New Delhi :
Name of publisher, distributor, etc. Pearson Education ,
Date of publication, distribution, etc. 2013.
300 ## - PHYSICAL DESCRIPTION
Extent xx,1035p. ;
Other physical details PB
Dimensions 26.5 cm
-- 24 cm
650 ## - SUBJECT ADDED ENTRY--TOPICAL TERM
Topical term or geographic name entry element Job costing
9 (RLIN) 64834
650 ## - SUBJECT ADDED ENTRY--TOPICAL TERM
Topical term or geographic name entry element Process costing
9 (RLIN) 64835
650 ## - SUBJECT ADDED ENTRY--TOPICAL TERM
Topical term or geographic name entry element Capital budgeting and cost analysis
9 (RLIN) 64836
700 ## - ADDED ENTRY--PERSONAL NAME
Personal name Datar, Srikant M.
9 (RLIN) 64837
700 ## - ADDED ENTRY--PERSONAL NAME
Personal name Rajan, Madhav V.
9 (RLIN) 64838
942 ## - ADDED ENTRY ELEMENTS (KOHA)
Source of classification or shelving scheme Dewey Decimal Classification
Koha item type Book
Edition 14th
Call number prefix 657.42 HORC
Holdings
Withdrawn status Lost status Damaged status Not for loan Collection code Home library Current library Date acquired Source of acquisition Total Checkouts Full call number Barcode Date last seen Price effective from Koha item type Source of classification or shelving scheme Inventory number Cost, normal purchase price Cost, replacement price
        MCA St Aloysius Institute of Management & Information Technology St Aloysius Institute of Management & Information Technology 07/16/2021 Donated   657.42 HORC MCA00105 07/21/2025 07/16/2021 Book        
        MCA St Aloysius Institute of Management & Information Technology St Aloysius Institute of Management & Information Technology 07/16/2021 Donated   657.42 HORC MCA00116 07/21/2025 07/16/2021 Book        
        MCA St Aloysius Institute of Management & Information Technology St Aloysius Institute of Management & Information Technology 07/16/2021 Donated   657.42 HORC MCA01079 07/21/2025 07/16/2021 Book        
        MCA St Aloysius Institute of Management & Information Technology St Aloysius Institute of Management & Information Technology 07/16/2021 Donated   657.42 HORC MCA01188 07/21/2025 07/16/2021 Book        
        MCA St Aloysius Institute of Management & Information Technology St Aloysius Institute of Management & Information Technology 07/16/2021 Donated   657.42 HORC MCA01190 07/21/2025 07/16/2021 Book        
        MCA St Aloysius Institute of Management & Information Technology St Aloysius Institute of Management & Information Technology 07/16/2021 Donated   657.42 HORC MCA01193 07/21/2025 07/16/2021 Book        
        MCA St Aloysius Institute of Management & Information Technology St Aloysius Institute of Management & Information Technology 07/16/2021 Donated   657.42 HORC MCA01633 07/21/2025 07/16/2021 Book        
        MCA St Aloysius Institute of Management & Information Technology St Aloysius Institute of Management & Information Technology 07/16/2021 Donated   657.42 HORC MCA01634 07/21/2025 07/16/2021 Book        
        MCA St Aloysius Institute of Management & Information Technology St Aloysius Institute of Management & Information Technology 07/16/2021 Donated   657.42 HORC MCA01635 07/21/2025 07/16/2021 Book        
        MCA St Aloysius Institute of Management & Information Technology St Aloysius Institute of Management & Information Technology 07/16/2021 Donated   657.42 HORC MCA01639 07/21/2025 07/16/2021 Book        
        MCA St Aloysius Institute of Management & Information Technology St Aloysius Institute of Management & Information Technology 07/16/2021 Donated   657.42 HORC MCA06369 07/21/2025 07/16/2021 Book        
        MBA St Aloysius Institute of Management & Information Technology St Aloysius Institute of Management & Information Technology 07/16/2021     657.42 HORC MBA03452 05/23/2026 07/16/2021 Book Dewey Decimal Classification Bill no:; Bill dt:2010-09-16    
        MBA St Aloysius Institute of Management & Information Technology St Aloysius Institute of Management & Information Technology 07/16/2021     657.42 HORC MBA05789 05/23/2026 07/16/2021 Book Dewey Decimal Classification Bill no:; Bill dt:2010-09-16    
        MBA St Aloysius Institute of Management & Information Technology St Aloysius Institute of Management & Information Technology 12/15/2010     657.42 HORC MBA08407 05/23/2026 07/16/2021 Book Dewey Decimal Classification Bill no:ABK 507; Bill dt:2010-09 595.00 446.25